| 000 | 01098nam a2200313 i 4500 | ||
|---|---|---|---|
| 001 | bg | ||
| 003 | KOSZ 005 | ||
| 005 | 20191001133948.0 | ||
| 008 | 011026s2001 pl a f |000 0 pol | ||
| 015 | _aPB 2002/3334 | ||
| 020 | _a8370855970 | ||
| 035 | _a(OCoLC)830295387 | ||
| 040 |
_aWA N _cKOSZ 005/HR _dKOSZ 005/HR |
||
| 080 | _a532.5 | ||
| 080 | _a536.7 | ||
| 100 | 1 |
_aSkoczylas, Adam _d(1925- ). |
|
| 245 | 1 | 0 |
_aHydrodynamika i wnikanie ciepła w wymiennikach cienkowarstewkowych, wąskoszczelinowych i skrobakowych / _cAdam Skoczylas. |
| 260 |
_aWrocław : _bOficyna Wydawnicza Politechniki Wrocławskiej, _c2001. |
||
| 300 |
_a182 s. : _bil. ; _c24 cm. |
||
| 380 | _aKsiążki. | ||
| 504 | _aBibliogr. przy rozdz. | ||
| 658 | _aInżynieria i technika | ||
| 650 | 4 | _aTermodynamika techniczna | |
| 650 | 4 | _aHydrodynamika | |
| 650 | 4 | _aWymiennik ciepła | |
| 710 | 2 |
_aPolitechnika Wrocławska. _bOficyna Wydawnicza. _4pbl. |
|
| 856 |
_uhttp://koha.tu.koszalin.pl/cgi-bin/koha/opac-detail.pl?biblionumber=42465 _yKatalog online BPK |
||
| 942 |
_2UKD _cKS |
||
| 999 |
_c42465 _d42465 |
||